Statistics for 100 Best Marvel Heroes

Click here to take the quiz!

General Stats

  • This quiz has been taken 146 times
  • The average score is 47 of 99

Answer Stats

HintAnswer% Correct
10Ironman
98%
4Spiderman
94%
17Captain America
93%
3Thor
90%
11Black Widow
82%
21Hawkeye
80%
42Ant Man
76%
23Antman
76%
2Black Panther
76%
13Captain Marvel
76%
16Deadpool
76%
5Wolverine
76%
28Winter Soldier
74%
27Groot
72%
55Rocket Raccoon
72%
33Star-Lord
72%
22Wasp
72%
20Doctor Strange
70%
9Professor X
70%
25Gamora
69%
1Scarlet Witch
69%
58Human Torch
68%
59Thing
68%
36Cyclops
67%
34Drax
67%
6Phoenix/Jean Grey
67%
14Invisible Woman
66%
48Falcon
65%
15Mr. Fantastic
65%
35Daredevil
61%
31She-Hulk
61%
7Storm
60%
73Quicksilver
59%
18Vision
59%
46War Machine
59%
52Mantis
58%
32Nebula
58%
63Beast
55%
12Moon Knight
55%
51Loki
53%
49Ms. Marvel
52%
86Nick Fury
52%
74Spider Woman
52%
66Iron Fist
51%
19Ghost Rider
50%
38Silver Surfer
50%
8Magneto
49%
68Colossus
48%
60Nightcrawler
48%
67Luke Cage
47%
40Jessica Jones
45%
56Punisher
45%
44Wong
45%
76Blade
44%
47Rogue
44%
54Shuri
43%
57Mystique
41%
96Red-Hulk
40%
72Angel
39%
70Cable
39%
29Shang-Chi
39%
26Valkyrie
39%
95Havok
36%
69X-23
36%
39Black Bolt
35%
41Emma Frost
35%
88Bishop
34%
45Heimdall
34%
24Psylocke
34%
93Captain Britain
33%
83Jubilee
33%
64Kitty Pryde
33%
30Okoye
33%
62Namor
32%
79Adam Warlock
30%
97Banshee
28%
71Black Cat
28%
37Medusa
28%
85Polaris
27%
75Domino
26%
87Maria Hill
26%
78Squirrel Girl
26%
77Dagger
24%
82Hulkling
24%
80Cloak
23%
61Magik
23%
81Wiccan
23%
92Crystal
22%
90Mockingbird
20%
65Blink
17%
98Moondragon
17%
94Peggy Carter
15%
100Speed
15%
43America Chavez
14%
84Dazzler
14%
50Yelena Belova
8%
89Echo
6%
53Monica Rambeau
5%
99Phyla-Vell
2%

Score Distribution

Percentile by Number Answered

Percent of People with Each Score

Your Score History

You have not taken this quiz